[Event "IECG CB.2008.0.00179 email"]
[Site "IECG email"]
[Date "2008.02.03"]
[Round "?"]
[White "Ghinelli, Luigi"]
[Black "Rodrigues, Luis"]
[Result "0-1"]
[WhiteElo "1800"]
[BlackElo "1845"]
[PlyCount "42"]
[EventDate "2008.02.03"]
[EventType "tourn (corr)"]
[EventRounds "6"]
[SourceTitle "Corr 2024"]
[Source "ChessBase"]
[SourceDate "2023.10.19"]
[SourceVersion "1"]
[SourceVersionDate "2023.10.19"]
[SourceQuality "1"]

1. d4 Nf6 2. c4 e6 3. Nc3 Bb4 4. Bg5 h6 5. Bh4 c5 6. d5 Bxc3+ 7. bxc3 d6 8. e3 e5 9. f3 Bf5 10. e4 Bg6 11. Rb1 b6 12. Bd3 0-0 13. Ne2 Nbd7 14. Bc2 Qc7 15. 0-0 Kh8 16. Ba4 Nh5 17. Rb2 Nf4 18. Re1 Nxe2+ 19. Rbxe2 Rac8 20. Qd2 Kg8 21. a3 Kh8 0-1

[Event "IECG CB.2008.0.00179 email"]
[Site "IECG email"]
[Date "2008.02.03"]
[Round "?"]
[White "Rodrigues, Luis"]
[Black "Priest, Kami"]
[Result "1-0"]
[WhiteElo "1845"]
[BlackElo "1800"]
[PlyCount "61"]
[EventDate "2008.02.03"]
[EventType "tourn (corr)"]
[EventRounds "6"]
[SourceTitle "Corr 2024"]
[Source "ChessBase"]
[SourceDate "2023.10.19"]
[SourceVersion "1"]
[SourceVersionDate "2023.10.19"]
[SourceQuality "1"]

1. e4 c5 2. Nf3 d6 3. d4 cxd4 4. Nxd4 Nf6 5. Nc3 a6 6. Be2 e5 7. Nb3 Be7 8. 0-0 0-0 9. Be3 Be6 10. Qd2 Nbd7 11. a4 Rc8 12. a5 Re8 13. Qd3 Nc5 14. Nxc5 dxc5 15. Qxd8 Rexd8 16. Rfd1 Rxd1+ 17. Rxd1 c4 18. Nd5 Bd8 19. f3 Nxd5 20. exd5 Bf5 21. c3 Bxa5 22. d6 Be6 23. g4 f6 24. Kg2 Kf7 25. f4 exf4 26. Bxf4 Rc5 27. Bf3 Rb5 28. Rd2 Ke8 29. h4 Bd8 30. Kg3 Kd7 31. Rh2 1-0

[Event "IECG TE.2006.S.01904"]
[Site "IECG email"]
[Date "2006.08.19"]
[Round "1"]
[White "Petersen, Hans"]
[Black "Rodrigues, Luis"]
[Result "1/2-1/2"]
[WhiteElo "1773"]
[BlackElo "1820"]
[PlyCount "108"]
[EventDate "2006.08.19"]
[EventType "tourn (corr)"]
[EventRounds "2"]
[SourceTitle "Corr 2024"]
[Source "ChessBase"]
[SourceDate "2023.10.19"]
[SourceVersion "1"]
[SourceVersionDate "2023.10.19"]
[SourceQuality "1"]

1. d4 d5 2. e4 dxe4 3. Nc3 Nf6 4. Bg5 Nbd7 5. Qe2 e6 6. Nxe4 Bb4+ 7. c3 Be7 8. Nf3 0-0 9. Qc2 Nxe4 10. Bxe7 Qxe7 11. Qxe4 Nf6 12. Qh4 Nd5 13. Qxe7 Nxe7 14. Bd3 Rd8 15. 0-0 b6 16. Rfe1 Bb7 17. Ne5 f6 18. Nc4 Kf7 19. Rad1 Rd7 20. Be2 Rad8 21. Bg4 Bd5 22. Ne3 f5 23. Bh5+ Kf6 24. b4 f4 25. Nxd5+ Nxd5 26. Rc1 a5 27. bxa5 bxa5 28. Re4 g5 29. Bf3 Rd6 30. h4 h6 31. a3 Ra6 32. Be2 Rad6 33. Bf3 a4 34. hxg5+ hxg5 35. c4 Ne7 36. Rce1 Nf5 37. c5 Ra6 38. Rd1 Ra7 39. Be2 c6 40. Bc4 Re7 41. Ba2 e5 42. dxe5+ Rxe5 43. Rxd8 Rxe4 44. Rf8+ Kg6 45. Kf1 Re5 46. Bb1 Rxc5 47. Ke2 g4 48. Ra8 Kg5 49. Rxa4 Rc1 50. Bd3 g3 51. Rc4 Rg1 52. Be4 Ra1 53. Rc5 Ra2+ 54. Ke1 Ra1+ 1/2-1/2

[Event "IECG TE.2006.S.01904"]
[Site "IECG email"]
[Date "2006.08.19"]
[Round "?"]
[White "Rodrigues, Luis"]
[Black "Calugaru, Viorel"]
[Result "0-1"]
[WhiteElo "1820"]
[BlackElo "2133"]
[PlyCount "162"]
[EventDate "2006.08.19"]
[EventType "tourn (corr)"]
[EventRounds "2"]
[SourceTitle "Corr 2024"]
[Source "ChessBase"]
[SourceDate "2023.10.19"]
[SourceVersion "1"]
[SourceVersionDate "2023.10.19"]
[SourceQuality "1"]

1. d4 d5 2. e4 dxe4 3. Nc3 Nf6 4. Bg5 h6 5. Bxf6 exf6 6. Nxe4 Nc6 7. Bb5 Bb4+ 8. c3 0-0 9. cxb4 Re8 10. Bxc6 bxc6 11. Qc2 f5 12. Ne2 Rxe4 13. 0-0 Ba6 14. Ng3 Bxf1 15. Nxe4 Bxg2 16. Kxg2 fxe4 17. Qxe4 Qg5+ 18. Kh1 Rd8 19. Rd1 Rd6 20. Qe8+ Kh7 21. Qe4+ g6 22. a3 Re6 23. Qd3 Qf4 24. Kg1 Qg4+ 25. Kf1 Rf6 26. Rd2 Qh5 27. Qg3 Qd5 28. Rd3 Qh1+ 29. Qg1 Qe4 30. Qg3 Kg7 31. b3 a6 32. Kg1 Rf5 33. Kf1 Rf4 34. h3 h5 35. Kg1 Qf5 36. Re3 h4 37. Qg2 Rxd4 38. Qf3 Rf4 39. Qe2 Qg5+ 40. Kf1 Qd5 41. Kg1 Rd4 42. Qf3 Qg5+ 43. Kf1 c5 44. bxc5 Qxc5 45. a4 Qd6 46. Kg2 c5 47. Rc3 Qe5 48. Rc2 Qg5+ 49. Kh2 a5 50. Kh1 Qd8 51. Rc3 Rd2 52. Re3 Qg5 53. Re4 Qd5 54. Re3 Qxf3+ 55. Rxf3 Rc2 56. Kg2 c4 57. bxc4 Rxc4 58. Ra3 f5 59. Kf1 g5 60. Kg2 g4 61. Kh2 Kf6 62. Ra2 Ke5 63. Kg2 Kf4 64. Ra3 Rc2 65. Kf1 g3 66. fxg3+ hxg3 67. Kg1 Rh2 68. Rc3 Rxh3 69. Rc5 Rh2 70. Rxa5 Kg4 71. Rd5 Ra2 72. Rd8 f4 73. Rd4 Kh3 74. Rxf4 Ra1+ 75. Rf1 Rxf1+ 76. Kxf1 Kh2 77. Ke2 g2 78. Kd3 g1Q 79. Kc4 Qb6 80. Kc3 Qa5+ 81. Kb3 Kg3 0-1

[Event "IECG TE.2006.S.01904"]
[Site "IECG email"]
[Date "2006.08.19"]
[Round "?"]
[White "Rodrigues, Luis"]
[Black "Heiser, Jerome"]
[Result "1-0"]
[WhiteElo "1820"]
[BlackElo "1129"]
[PlyCount "27"]
[EventDate "2006.08.19"]
[EventType "tourn (corr)"]
[EventRounds "2"]
[SourceTitle "Corr 2024"]
[Source "ChessBase"]
[SourceDate "2023.10.19"]
[SourceVersion "1"]
[SourceVersionDate "2023.10.19"]
[SourceQuality "1"]

1. d4 d5 2. e4 dxe4 3. Nc3 Nf6 4. Bg5 h6 5. Bxf6 exf6 6. Nxe4 Be7 7. Bc4 0-0 8. Ne2 Nd7 9. 0-0 Nb6 10. Bb3 a5 11. a4 f5 12. Nc5 Bd6 13. Re1 Nd7 14. Nd3 1-0

[Event "IECG TE.2006.S.01904"]
[Site "IECG email"]
[Date "2006.08.19"]
[Round "2"]
[White "Rodrigues, Luis"]
[Black "Korchut, Adam"]
[Result "0-1"]
[WhiteElo "1820"]
[BlackElo "2191"]
[PlyCount "130"]
[EventDate "2006.08.19"]
[EventType "tourn (corr)"]
[EventRounds "2"]
[SourceTitle "Corr 2024"]
[Source "ChessBase"]
[SourceDate "2023.10.19"]
[SourceVersion "1"]
[SourceVersionDate "2023.10.19"]
[SourceQuality "1"]

1. d4 d5 2. e4 dxe4 3. Nc3 Nf6 4. f3 exf3 5. Nxf3 Bg4 6. h3 Bxf3 7. Qxf3 c6 8. Bd2 e6 9. 0-0-0 Nbd7 10. g4 Be7 11. Bd3 Nd5 12. Rhf1 0-0 13. h4 Qb6 14. Ne2 c5 15. g5 cxd4 16. Qe4 f5 17. Qxd4 Bc5 18. Qa4 Ne5 19. Nf4 Bd4 20. c3 Be3 21. Nxd5 Nxd3+ 22. Kc2 exd5 23. Kxd3 f4 24. Bxe3 fxe3 25. Kc2 Rf2+ 26. Rxf2 exf2 27. Rf1 Qe3 28. Qb5 d4 29. a4 dxc3 30. Qc4+ Kh8 31. bxc3 Rf8 32. Kb3 a6 33. Qd4 Qe6+ 34. Ka3 Qe7+ 35. Qb4 Qf7 36. Qb6 Kg8 37. Kb2 Qf3 38. Qe6+ Kh8 39. Qe7 b5 40. h5 Qf4 41. h6 gxh6 42. gxh6 Qd2+ 43. Kb1 Qxh6 44. axb5 axb5 45. Qc5 Qf4 46. Kc2 Qe4+ 47. Kb3 Qe6+ 48. Kb2 Qe2+ 49. Kb3 Rf6 50. Qc8+ Kg7 51. Qb7+ Kg6 52. Qg2+ Kf7 53. Qb7+ Kf8 54. Qb8+ Qe8 55. Qxe8+ Kxe8 56. c4 h5 57. cxb5 h4 58. Kc4 h3 59. b6 h2 60. Kb5 h1Q 61. Rxh1 f1Q+ 62. Rxf1 Rxf1 63. Kc6 Kd8 64. Kc5 Kc8 65. Kc6 Rf6+ 0-1

[Event "IECG TE.2006.P.02211"]
[Site "IECG email"]
[Date "2006.06.19"]
[Round "?"]
[White "Borgbjerg, Ejner"]
[Black "Rodrigues, Luis"]
[Result "0-1"]
[WhiteElo "2125"]
[BlackElo "1820"]
[PlyCount "38"]
[EventDate "2006.06.19"]
[EventType "tourn (corr)"]
[EventRounds "2"]
[SourceTitle "Corr 2024"]
[Source "ChessBase"]
[SourceDate "2023.10.19"]
[SourceVersion "1"]
[SourceVersionDate "2023.10.19"]
[SourceQuality "1"]

1. d4 f5 2. e4 fxe4 3. Nc3 Nf6 4. Bg5 Nc6 5. d5 Ne5 6. Qe2 Nf7 7. Bh4 c6 8. 0-0-0 Nxd5 9. Nxd5 cxd5 10. Rxd5 b6 11. f3 Bb7 12. fxe4 Bxd5 13. exd5 Qc7 14. Nf3 Qc5 15. g4 Qxd5 16. Kb1 Rc8 17. Bg2 Qc4 18. Qd2 Qxg4 19. Re1 e6 0-1

[Event "IECG TE.2005.S.01801"]
[Site "IECG email"]
[Date "2006.05.05"]
[Round "?"]
[White "Geiger, Walter"]
[Black "Rodrigues, Luis"]
[Result "1-0"]
[WhiteElo "2052"]
[BlackElo "1985"]
[PlyCount "21"]
[EventDate "2006.05.05"]
[EventType "tourn (corr)"]
[EventRounds "2"]
[SourceTitle "Corr 2024"]
[Source "ChessBase"]
[SourceDate "2023.10.19"]
[SourceVersion "1"]
[SourceVersionDate "2023.10.19"]
[SourceQuality "1"]

1. d4 Nf6 2. c4 c5 3. d5 b5 4. Nf3 b4 5. Bg5 h6 6. Bxf6 exf6 7. Nbd2 Be7 8. e3 0-0 9. Bd3 d6 10. 0-0 f5 11. Qc2 1-0

[Event "IECG TE.2005.S.01801"]
[Site "IECG email"]
[Date "2006.05.05"]
[Round "?"]
[White "Rodrigues, Luis"]
[Black "Amann, Klaus"]
[Result "1-0"]
[WhiteElo "1985"]
[BlackElo "1883"]
[PlyCount "75"]
[EventDate "2006.05.05"]
[EventType "tourn (corr)"]
[EventRounds "2"]
[SourceTitle "Corr 2024"]
[Source "ChessBase"]
[SourceDate "2023.10.19"]
[SourceVersion "1"]
[SourceVersionDate "2023.10.19"]
[SourceQuality "1"]

1. d4 Nf6 2. c4 c5 3. d5 b5 4. Nf3 Bb7 5. cxb5 Bxd5 6. Nc3 Bb7 7. e3 d5 8. Bd3 Qc7 9. 0-0 e5 10. Nh4 e4 11. Bc2 Bd6 12. f4 Qd7 13. g4 Qe6 14. b6 a6 15. Nf5 Bf8 16. Ba4+ Nbd7 17. Ng3 Qxg4 18. Qxg4 Nxg4 19. Rd1 Ngf6 20. Bxd7+ Kxd7 21. Ngxe4 Nxe4 22. Nxe4 Kc6 23. Nc3 Rd8 24. Na4 Be7 25. b3 Bf6 26. Rb1 Rhe8 27. Ba3 Rxe3 28. Bxc5 d4 29. Rbc1 Kd5 30. Bb4 Bc8 31. Rc7 Bg4 32. b7 Rb8 33. Rdc1 Re2 34. Nb6+ Ke4 35. Nd7 Bxd7 36. Rxd7 d3 37. Rc4+ Ke3 38. Bc5+ 1-0

[Event "IECG TE.2005.S.01801"]
[Site "IECG email"]
[Date "2006.05.05"]
[Round "?"]
[White "Rodrigues, Luis"]
[Black "Geiger, Walter"]
[Result "0-1"]
[WhiteElo "1985"]
[BlackElo "2052"]
[PlyCount "22"]
[EventDate "2006.05.05"]
[EventType "tourn (corr)"]
[EventRounds "2"]
[SourceTitle "Corr 2024"]
[Source "ChessBase"]
[SourceDate "2023.10.19"]
[SourceVersion "1"]
[SourceVersionDate "2023.10.19"]
[SourceQuality "1"]

1. d4 Nf6 2. c4 c5 3. d5 b5 4. Nf3 Bb7 5. a4 Qa5+ 6. Bd2 b4 7. Qc2 g6 8. e4 Bg7 9. e5 Ng4 10. Bf4 Qc7 11. Qe4 0-0 0-1

[Event "IECG TE.2005.S.01801"]
[Site "IECG email"]
[Date "2006.05.05"]
[Round "?"]
[White "Rodrigues, Luis"]
[Black "Sheers, Matthew Philip"]
[Result "1/2-1/2"]
[WhiteElo "1985"]
[BlackElo "1655"]
[PlyCount "79"]
[EventDate "2006.05.05"]
[EventType "tourn (corr)"]
[EventRounds "2"]
[SourceTitle "Corr 2024"]
[Source "ChessBase"]
[SourceDate "2023.10.19"]
[SourceVersion "1"]
[SourceVersionDate "2023.10.19"]
[SourceQuality "1"]

1. d4 Nf6 2. c4 c5 3. d5 b5 4. Nf3 Bb7 5. cxb5 Bxd5 6. e3 Bb7 7. Be2 d5 8. 0-0 Nbd7 9. Nbd2 e5 10. b3 e4 11. Nh4 Ng8 12. g3 Qf6 13. Rb1 Rd8 14. Bb2 Qg5 15. Ng2 Ngf6 16. f4 Qf5 17. g4 Qe6 18. g5 Ng8 19. Rc1 h6 20. f5 Qb6 21. g6 fxg6 22. Nf4 Ne7 23. Bh5 Nf6 24. Nxg6 Nxg6 25. Bxg6+ Ke7 26. a4 a5 27. Be5 Rd7 28. Qe1 Ba8 29. Bc3 Rg8 30. Rd1 Qa7 31. Nb1 Kd8 32. Bxa5+ Kc8 33. Rc1 Ng4 34. b4 c4 35. b6 Qb8 36. Qe2 Ne5 37. Na3 Bc6 38. Be8 Rd6 39. Bxc6 Rxc6 40. Nb5 1/2-1/2

[Event "IECG TE.2006.P.02132 email"]
[Site "IECG email"]
[Date "2006.04.05"]
[Round "1"]
[White "Boychuk, Taras"]
[Black "Rodrigues, Luis"]
[Result "1-0"]
[WhiteElo "2192"]
[BlackElo "1985"]
[PlyCount "69"]
[EventDate "2006.03.17"]
[EventType "tourn (corr)"]
[EventRounds "12"]
[SourceTitle "Corr 2024"]
[Source "ChessBase"]
[SourceDate "2023.10.19"]
[SourceVersion "1"]
[SourceVersionDate "2023.10.19"]
[SourceQuality "1"]

1. e4 c5 2. f4 d5 3. exd5 Qxd5 4. Nc3 Qd6 5. Nf3 Qxf4 6. d4 Qc7 7. Nb5 Qb6 8. Bf4 Na6 9. dxc5 Qxc5 10. Qe2 Bd7 11. Nd6+ Qxd6 12. Bxd6 Nf6 13. 0-0-0 e6 14. Bxf8 Rxf8 15. Qc4 Ke7 16. Ne5 Rfd8 17. Nxd7 Nxd7 18. Qc3 Kf8 19. Qa3+ Ke8 20. Bb5 Nab8 21. Rhf1 Nc6 22. Qg3 g6 23. Qc7 a6 24. Ba4 b5 25. Qxc6 Rac8 26. Qxa6 bxa4 27. Rxd7 Rxc2+ 28. Kxc2 Rxd7 29. Qxa4 Kd8 30. Rd1 Rxd1 31. Kxd1 h5 32. b4 h4 33. b5 h3 34. g3 Kc7 35. Qc4+ 1-0

[Event "IECC CL3-2005.11 email"]
[Site "IECC email"]
[Date "2005.11.01"]
[Round "?"]
[White "Rodrigues, Luis"]
[Black "Bertel, Michael"]
[Result "1-0"]
[WhiteElo "1998"]
[BlackElo "1881"]
[PlyCount "93"]
[EventDate "2005.??.??"]
[EventType "tourn (corr)"]
[EventRounds "4"]
[SourceTitle "Corr 2015"]
[Source "ChessBase"]
[SourceDate "2015.07.17"]
[SourceVersion "1"]
[SourceVersionDate "2015.07.17"]
[SourceQuality "1"]
[WhiteTeam "Portugal"]
[BlackTeam "US of America"]
[WhiteTeamCountry "POR"]
[BlackTeamCountry "USA"]

1. d4 d5 2. c4 c5 3. cxd5 e6 4. dxe6 Bxe6 5. e3 Nc6 6. Nf3 cxd4 7. Nxd4 Bb4+ 8. Bd2 Bxd2+ 9. Qxd2 Nf6 10. Nxc6 bxc6 11. Bd3 0-0 12. 0-0 Ng4 13. f3 Ne5 14. Be2 Qxd2 15. Nxd2 Rad8 16. Rfd1 Nd3 17. Bxd3 Rxd3 18. Kf2 Rfd8 19. Ke2 Kf8 20. b3 c5 21. Rac1 Bc8 22. Nc4 Rxd1 23. Rxd1 Rxd1 24. Kxd1 Ba6 25. Kd2 Ke7 26. e4 Bxc4 27. bxc4 g5 28. Ke3 Ke6 29. f4 g4 30. Kf2 f5 31. e5 Kf7 32. Kg3 Kg7 33. Kh4 Kg6 34. a4 Kh6 35. h3 gxh3 36. Kxh3 Kg6 37. g4 fxg4+ 38. Kxg4 h5+ 39. Kh4 Kf5 40. a5 Ke6 41. Kxh5 Kf5 42. a6 Ke6 43. Kg6 Ke7 44. f5 Kd7 45. e6+ Ke7 46. Kg7 Kd6 47. Kf6 1-0

[Event "IECG TE.2005.P.01811 email"]
[Site "IECG email"]
[Date "2005.03.24"]
[Round "?"]
[White "Rodrigues, Luis"]
[Black "Ferro, Severino Miguel"]
[Result "1/2-1/2"]
[WhiteElo "1985"]
[BlackElo "1616"]
[PlyCount "199"]
[EventDate "2005.03.24"]
[EventType "tourn (corr)"]
[EventRounds "8"]
[SourceTitle "Corr 2024"]
[Source "ChessBase"]
[SourceDate "2023.10.19"]
[SourceVersion "1"]
[SourceVersionDate "2023.10.19"]
[SourceQuality "1"]

1. d4 Nf6 2. c4 c5 3. d5 b5 4. Nf3 Bb7 5. e3 g6 6. a3 Bg7 7. Nc3 bxc4 8. Bxc4 d6 9. 0-0 0-0 10. e4 Nbd7 11. Bf4 Qb6 12. Qe2 Ng4 13. Bg5 f6 14. Bf4 Nde5 15. Nxe5 Nxe5 16. Bb5 f5 17. exf5 Rxf5 18. Bg3 a6 19. Ba4 Raf8 20. Rad1 c4 21. Bc2 Rh5 22. Rb1 Bc8 23. Be4 Bg4 24. Qc2 Qc5 25. Rbe1 Rb8 26. h3 Bf5 27. Bxe5 Bxe5 28. a4 Rb3 29. Nd1 Rb4 30. Nc3 Qb6 31. Bxf5 Rxf5 32. Re2 Rb3 33. Rc1 Rf7 34. Nd1 Rf4 35. Nc3 Rf8 36. Nd1 Rb4 37. Nc3 a5 38. Kf1 Qb7 39. Kg1 Qc7 40. Qe4 Qd7 41. Rd1 Qb7 42. Rdd2 Rf4 43. Qc2 Rb3 44. Rd1 Rf8 45. Rc1 Qb6 46. Nd1 Rb4 47. Nc3 Qc5 48. Qd1 Rfb8 49. Rcc2 Qc8 50. Red2 Qf8 51. Qg4 Qf5 52. Qe2 Rc8 53. Rd1 Rf8 54. Rdd2 Qd7 55. h4 Qf5 56. g3 Qh3 57. Rc1 Rfb8 58. Rcd1 Kg7 59. Rc1 h6 60. Rcc2 Rf8 61. Qe3 Rb3 62. Rc1 Rfb8 63. Qe2 g5 64. hxg5 hxg5 65. Qe4 Rxb2 66. Rxb2 Rxb2 67. Nd1 Rd2 68. Qe3 Rd4 69. Qxg5+ Kf7 70. Ne3 Bf6 71. Qf5 Qxf5 72. Nxf5 Rxd5 73. Ne3 Rd3 74. Nxc4 d5 75. Nxa5 Ra3 76. Rc5 e6 77. Rc7+ Kg6 78. Nb7 Rxa4 79. Nc5 Ra1+ 80. Kg2 e5 81. Rd7 Ra5 82. Rxd5 Be7 83. Rxe5 Bxc5 84. Re8 Ra2 85. Rh8 Bd4 86. Rg8+ Kf7 87. Rd8 Be5 88. Rc8 Ke6 89. Rg8 Kf5 90. Rf8+ Kg6 91. Rg8+ Kf6 92. Rh8 Bd4 93. Rg8 Ke6 94. Rf8 Ke7 95. Rg8 Kf6 96. Rh8 Rb2 97. Rg8 Ke6 98. Rf8 Bc5 99. Rh8 Kf7 100. Rd8 1/2-1/2

[Event "Carris GD op 3rd"]
[Site "Portugal"]
[Date "2005.??.??"]
[Round "6"]
[White "Rodrigues, Luis"]
[Black "Evangelista, Ricardo"]
[Result "0-1"]
[WhiteElo "2212"]
[BlackElo "1944"]
[PlyCount "84"]
[EventDate "2005.??.??"]
[EventType "swiss"]
[EventRounds "7"]
[EventCountry "POR"]
[SourceTitle "EXT 2007"]
[Source "ChessBase"]
[SourceDate "2006.11.23"]
[SourceVersion "1"]
[SourceVersionDate "2006.11.23"]
[SourceQuality "1"]

1. e4 c5 2. Nf3 e6 3. d4 cxd4 4. Nxd4 Qb6 5. c3 Nc6 6. Qb3 Qxb3 7. axb3 Nxd4 8. cxd4 Nf6 9. Nc3 Bb4 10. Bd3 d5 11. e5 Ne4 12. Bxe4 dxe4 13. 0-0 Bxc3 14. bxc3 Bd7 15. Ba3 a5 16. Bc5 f5 17. Ra3 Ra6 18. Rfa1 b6 19. Bd6 Kf7 20. c4 Rc8 21. g3 g5 22. Kf1 a4 23. Ke2 b5 24. Bc5 bxc4 25. bxc4 Rb8 26. Rc3 f4 27. Ba3 Rab6 28. Rac1 Bc6 29. Kd2 Rb3 30. d5 exd5 31. cxd5 Bxd5 32. Rc7+ Kg6 33. Be7 Rd3+ 34. Ke1 a3 35. Ra7 Rbb3 36. Ra1 e3 37. R7xa3 Bf3 38. Rxb3 Rxb3 39. e6 Rb2 40. gxf4 Re2+ 41. Kf1 Rxf2+ 42. Ke1 Rg2 0-1

[Event "Circuito Pares op"]
[Site "Faro"]
[Date "2001.10.??"]
[Round "4.2"]
[White "Rodrigues, Luis"]
[Black "Henriques, Sofia S"]
[Result "1-0"]
[WhiteElo "2199"]
[BlackElo "2069"]
[PlyCount "127"]
[EventDate "2001.10.??"]
[EventType "swiss"]
[EventRounds "6"]
[EventCountry "POR"]
[SourceTitle "CBM 085 Extra"]
[Source "ChessBase"]
[SourceDate "2002.01.21"]
[SourceVersion "1"]
[SourceVersionDate "2002.01.21"]
[SourceQuality "1"]

1. e4 e5 2. Nf3 Nc6 3. Bb5 a6 4. Ba4 Nf6 5. 0-0 Nxe4 6. d4 b5 7. Bb3 d5 8. dxe5 Be6 9. c3 Bc5 10. Nbd2 0-0 11. Bc2 Nxf2 12. Rxf2 f6 13. exf6 Qxf6 14. Nf1 Bxf2+ 15. Kxf2 Ne5 16. Kg1 Nxf3+ 17. gxf3 Qxf3 18. Qxf3 Rxf3 19. Nd2 Rf6 20. Nb3 Raf8 21. Be3 Bh3 22. Nd2 h5 23. Bd3 Re6 24. Bd4 h4 25. Kh1 g5 26. Rg1 g4 27. Bf1 Bxf1 28. Nxf1 Rg6 29. Ne3 g3 30. Nxd5 Kh7 31. hxg3 hxg3 32. Kg2 Rh6 33. b4 c6 34. Ne3 Rf2+ 35. Kxg3 Rxa2 36. Ng4 Rg6 37. Rh1+ Kg8 38. Kf4 Rg2 39. Rh8+ Kf7 40. Ne5+ Ke6 41. Nxg6 Rxg6 42. Ke4 Rg4+ 43. Kd3 Rg3+ 44. Be3 Rg7 45. Ra8 Rd7+ 46. Bd4 Kf5 47. Rxa6 Rd6 48. Ra8 Ke6 49. Ke4 Rd5 50. Re8+ Kd7 51. Re5 Rd6 52. Bc5 Rd1 53. Re7+ Kd8 54. Ra7 Rd5 55. Bb6+ Ke8 56. Rc7 Rd6 57. Ke5 Rh6 58. Kd4 Rh4+ 59. Kc5 Rc4+ 60. Kd6 Rxc3 61. Bc5 Kd8 62. Kxc6 Rc2 63. Rf7 Ke8 64. Rf8# 1-0